El sistema de tarjeta de crédito y la posición jurídica del consumidor (Registro nro. 25339)

Detalles MARC
000 -LEADER
fixed length control field 00376 a2200109 4500
001 - CONTROL NUMBER
control field ART_26135
005 - DATE AND TIME OF LATEST TRANSACTION
control field 20260410161855.0
008 - FIXED-LENGTH DATA ELEMENTS--GENERAL INFORMATION
fixed length control field 260409a
100 1# - MAIN ENTRY--PERSONAL NAME
Personal name Saltzer, Anderson
245 10 - TITLE STATEMENT
Title El sistema de tarjeta de crédito y la posición jurídica del consumidor
773 0# - HOST ITEM ENTRY
Title Derecho privado
Related parts Derecho del consumo - Año III, Nº 8 (jun. 2014)
Record control number REV10455

No hay ítems disponibles.